000 00590nam a22001697a 4500
003 OSt
005 20171010095530.0
008 121005t xxu||||| |||| 00| 0 eng d
040 _aMMSU
_cULS
100 _aCastillo, Jerome A., et al.
_913138
245 _aSoil investigation at Manila north road, Currimao, Ilocos Norte
_cJerome A. Castillo, et al.
260 _c2008
300 _aviii, [149] leaves
_c28 cm.
500 _aThesis (BS Civil Engineering) -- Mariano Marcos State University-College of Engineering, Batac City
504 _aBibliography: leaf 23
942 _2ddc
_cTHEDIS
999 _c9815
_d9815